| 000 | 00465nam a22001817a 4500 | ||
|---|---|---|---|
| 003 | CEME | ||
| 005 | 20210628205739.0 | ||
| 008 | 210316b xxu||||| |||| 00| 0 eng d | ||
| 020 | _a81-7304-189-X | ||
| 040 | _c. | ||
| 082 | _a954.92 JAC | ||
| 100 |
_aJacob, J.F.R.Lt Gen _976912 |
||
| 245 | _aSurrender at dacca birth of a nation | ||
| 260 |
_aNEW DELHI _bMANOHAR _c1997 |
||
| 300 | _a263P | ||
| 650 |
_aBANGLADESH-BIRTH OF A NATION _976913 |
||
| 942 |
_cBK _2ddc |
||
| 999 |
_c582221 _d582221 |
||